[Event "VII Obert Internacional Alberic"]
[Site "Alberic, Spain"]
[Date "2019.06.29"]
[Round "3.4"]
[White "Mengual Bolo, Carles"]
[Black "Granero Roca, Antonio"]
[Result "0-1"]
[WhiteElo "2097"]
[BlackElo "2370"]
[PlyCount "80"]
[EventDate "2019.??.??"]

1. Nf3 {[%clk 00:07:05]} 1... Nf6 {[%clk 00:07:05]  [%emt 00:00:11]} 2. d4 {
[%clk 00:07:06]} 2... g6 {[%clk 00:07:06]} 3. Nbd2 {[%clk 00:07:08]} 3... d5 {
[%clk 00:07:07]} 4. e3 {[%clk 00:07:09]  [%emt 00:00:13]} 4... Bg7 {
[%clk 00:07:08]} 5. Bd3 {[%clk 00:07:11]} 5... O-O {[%clk 00:07:08]} 6. O-O {
[%clk 00:07:10]} 6... Bf5 {[%clk 00:07:07]  [%emt 00:00:11]} 7. Bxf5 {
[%clk 00:07:05]  [%emt 00:00:08]} 7... gxf5 {[%clk 00:07:08]} 8. Ne5 {
[%clk 00:07:02]  [%emt 00:00:06]} 8... Nbd7 {[%clk 00:07:02]  [%emt 00:00:04]}
9. b3 {[%clk 00:06:36]  [%emt 00:00:31]} 9... e6 {
[%clk 00:06:59]  [%emt 00:00:05]} 10. f4 {[%clk 00:06:16]  [%emt 00:00:20]}
10... c5 {[%clk 00:06:43]  [%emt 00:00:35]} 11. Bb2 {[%clk 00:06:14]} 11... Rc8
{[%clk 00:06:35]  [%emt 00:00:10]} 12. c4 {[%clk 00:05:59]  [%emt 00:00:09]}
12... b6 {[%clk 00:06:03]  [%emt 00:00:51]} 13. Qe1 {[%clk 00:05:50]} 13...
Nxe5 {[%clk 00:05:43]  [%emt 00:00:19]} 14. dxe5 {
[%clk 00:05:39]  [%emt 00:00:31]} 14... Ne4 {[%clk 00:05:33]  [%emt 00:00:17]}
15. Nxe4 {[%clk 00:05:25]} 15... dxe4 {[%clk 00:05:33]  [%emt 00:00:09]} 16.
Rd1 {[%clk 00:05:21]} 16... Qe7 {[%clk 00:05:34]  [%emt 00:00:03]} 17. Qg3 {
[%clk 00:05:07]  [%emt 00:00:19]} 17... Kh8 {[%clk 00:05:20]  [%emt 00:00:32]}
18. Rd6 {[%clk 00:04:39]  [%emt 00:00:13]} 18... Rg8 {
[%clk 00:05:19]  [%emt 00:00:03]} 19. Rfd1 {[%clk 00:04:19]  [%emt 00:00:23]}
19... Rcd8 {[%clk 00:04:35]  [%emt 00:00:47]} 20. h4 {
[%clk 00:03:22]  [%emt 00:00:57]} 20... Bh6 {[%clk 00:03:38]  [%emt 00:00:59]}
21. Rxd8 {[%clk 00:03:02]  [%emt 00:00:23]} 21... Rxd8 {
[%clk 00:03:38]  [%emt 00:00:30]} 22. Rxd8+ {[%clk 00:02:26]  [%emt 00:00:12]}
22... Qxd8 {[%clk 00:03:40]  [%emt 00:00:13]} 23. Qf2 {[%clk 00:02:27]} 23...
Qd1+ {[%clk 00:03:28]  [%emt 00:00:14]} 24. Kh2 {[%clk 00:02:27]} 24... Kg8 {
[%clk 00:03:12]  [%emt 00:00:14]} 25. Bc3 {[%clk 00:02:25]  [%emt 00:00:23]}
25... Bf8 {[%clk 00:03:02]  [%emt 00:00:10]} 26. Qg3+ {
[%clk 00:02:12]  [%emt 00:00:03]} 26... Bg7 {[%clk 00:02:58]  [%emt 00:00:09]}
27. Qf2 {[%clk 00:02:05]  [%emt 00:00:05]} 27... Qg4 {
[%clk 00:02:46]  [%emt 00:00:22]} 28. g3 {[%clk 00:02:01]  [%emt 00:00:03]}
28... Bf8 {[%clk 00:02:46]  [%emt 00:00:04]} 29. Qd2 {
[%clk 00:01:54]  [%emt 00:00:13]} 29... Qf3 {[%clk 00:02:47]} 30. a3 {
[%clk 00:01:39]  [%emt 00:00:14]} 30... a6 {[%clk 00:02:47]  [%emt 00:00:10]}
31. b4 {[%clk 00:01:41]} 31... Kg7 {[%clk 00:02:34]  [%emt 00:00:21]} 32. bxc5
{[%clk 00:00:58]  [%emt 00:00:37]} 32... Bxc5 {[%clk 00:02:13]  [%emt 00:00:21]
} 33. Bd4 {[%clk 00:00:59]  [%emt 00:00:17]} 33... h6 {
[%clk 00:01:53]  [%emt 00:00:21]} 34. Bxc5 {[%clk 00:01:01]} 34... bxc5 {
[%clk 00:01:54]} 35. Qe1 {[%clk 00:00:50]  [%emt 00:00:05]} 35... Kg6 {
[%clk 00:01:44]  [%emt 00:00:27]} 36. Qd2 {[%clk 00:00:52]} 36... Kh5 {
[%clk 00:01:15]  [%emt 00:00:18]} 37. Qd8 {[%clk 00:00:14]  [%emt 00:00:41]}
37... Qf2+ {[%clk 00:00:44]  [%emt 00:00:34]} 38. Kh3 {[%clk 00:00:17]} 38...
Qf1+ {[%emt 00:00:30]} 39. Kh2 Kg4 {[%clk 00:00:39]  [%emt 00:00:04]} 40. Qg8+
{[%clk 00:00:20]} 40... Kf3 {[%clk 00:00:41]} 0-1

[Event "VII Obert Internacional Alberic"]
[Site "Alberic, Spain"]
[Date "2019.06.29"]
[Round "3.5"]
[White "Fenollar Jorda, Manuel"]
[Black "Pedros Viudes, Enrique"]
[Result "1-0"]
[WhiteElo "2345"]
[BlackElo "2113"]
[PlyCount "93"]
[EventDate "2019.??.??"]

1. d4 {[%clk 00:07:04]  [%emt 00:00:31]} 1... e6 {[%clk 00:07:04]} 2. Nf3 {
[%clk 00:07:05]} 2... f5 {[%clk 00:07:01]} 3. Bf4 {[%clk 00:07:01]} 3... Nf6 {
[%clk 00:07:00]} 4. e3 {[%clk 00:07:03]} 4... b6 {
[%clk 00:06:58]  [%emt 00:00:12]} 5. h3 {[%clk 00:06:56]} 5... Bb7 {
[%clk 00:07:00]} 6. a3 {[%clk 00:06:51]  [%emt 00:00:23]} 6... Ne4 {
[%clk 00:06:34]  [%emt 00:00:21]} 7. c4 {[%clk 00:06:48]  [%emt 00:00:03]} 7...
Be7 {[%clk 00:06:24]  [%emt 00:00:38]} 8. Be2 {[%clk 00:06:47]} 8... O-O {
[%clk 00:05:52]  [%emt 00:00:17]} 9. Nbd2 {[%clk 00:06:48]} 9... d6 {
[%clk 00:05:47]} 10. Nxe4 {[%clk 00:06:44]  [%emt 00:00:10]} 10... Bxe4 {
[%clk 00:05:40]  [%emt 00:00:08]} 11. O-O {[%clk 00:06:42]  [%emt 00:00:13]}
11... Nd7 {[%clk 00:05:24]  [%emt 00:00:28]} 12. Nd2 {
[%clk 00:06:33]  [%emt 00:00:10]} 12... Bb7 {[%clk 00:05:09]  [%emt 00:00:10]}
13. Bh2 {[%clk 00:05:57]  [%emt 00:00:31]} 13... Kh8 {
[%clk 00:04:50]  [%emt 00:00:24]} 14. Qc2 {[%clk 00:05:04]  [%emt 00:00:56]}
14... c5 {[%clk 00:04:34]  [%emt 00:00:20]} 15. Bf3 {
[%clk 00:04:45]  [%emt 00:00:25]} 15... Bxf3 {[%clk 00:04:00]  [%emt 00:00:31]}
16. Nxf3 {[%clk 00:04:46]  [%emt 00:00:33]} 16... h6 {
[%clk 00:03:08]  [%emt 00:00:44]} 17. Rad1 {[%clk 00:04:32]} 17... Qe8 {
[%clk 00:02:34]  [%emt 00:00:34]} 18. Rd2 {[%clk 00:03:51]  [%emt 00:00:46]}
18... Nf6 {[%clk 00:02:28]  [%emt 00:00:31]} 19. dxc5 {
[%clk 00:03:28]  [%emt 00:00:06]} 19... dxc5 {[%clk 00:02:28]  [%emt 00:00:07]}
20. Rfd1 {[%clk 00:03:29]} 20... Rd8 {[%clk 00:02:18]  [%emt 00:00:07]} 21. Ne5
{[%clk 00:03:13]  [%emt 00:00:19]} 21... Ne4 {[%clk 00:01:41]  [%emt 00:00:43]}
22. Rd7 {[%clk 00:03:00]  [%emt 00:00:15]} 22... Bf6 {
[%clk 00:01:25]  [%emt 00:00:18]} 23. Rxa7 {[%clk 00:02:26]  [%emt 00:00:37]}
23... Qh5 {[%clk 00:00:20]  [%emt 00:01:07]} 24. Rxd8 {
[%clk 00:02:10]  [%emt 00:00:19]} 24... Bxd8 {[%clk 00:00:14]  [%emt 00:00:28]}
25. Nf3 {[%clk 00:02:07]  [%emt 00:00:04]} 25... Bf6 {[%clk 00:00:14]} 26. Rd7
{[%clk 00:01:53]  [%emt 00:00:09]} 26... g5 {[%clk 00:00:16]  [%emt 00:00:03]}
27. Nd2 {[%clk 00:01:34]  [%emt 00:00:18]} 27... Nxd2 {
[%clk 00:00:14]  [%emt 00:00:05]} 28. Qxd2 {[%clk 00:01:33]  [%emt 00:00:04]}
28... g4 {[%clk 00:00:16]} 29. hxg4 {[%clk 00:01:30]  [%emt 00:00:10]} 29...
Qxg4 {[%clk 00:00:18]} 30. Qd1 {[%clk 00:00:57]  [%emt 00:00:30]} 30... Qxc4 {
[%clk 00:00:17]  [%emt 00:00:32]} 31. Bf4 {[%clk 00:00:51]} 31... Bg7 {
[%clk 00:00:17]} 32. Qh5 {[%clk 00:00:29]  [%emt 00:00:11]} 32... Qc1+ {
[%clk 00:00:18]  [%emt 00:00:07]} 33. Kh2 {[%clk 00:00:31]} 33... Qxb2 {
[%clk 00:00:19]  [%emt 00:00:03]} 34. Bxh6 {[%clk 00:00:32]} 34... Kg8 {
[%clk 00:00:21]} 35. Rxg7+ {[%clk 00:00:33]} 35... Qxg7 {
[%clk 00:00:22]  [%emt 00:00:03]} 36. Bxg7 {[%clk 00:00:34]} 36... Kxg7 {
[%clk 00:00:24]  [%emt 00:00:06]} 37. Qg5+ {[%clk 00:00:35]} 37... Kf7 {
[%clk 00:00:27]} 38. Qf4 {[%clk 00:00:37]} 38... Kf6 {
[%clk 00:00:28]  [%emt 00:00:03]} 39. Qd6 {[%clk 00:00:39]} 39... Rh8+ {
[%clk 00:00:29]  [%emt 00:00:08]} 40. Kg3 {[%clk 00:00:40]} 40... Ra8 {
[%clk 00:00:29]  [%emt 00:00:04]} 41. Qxb6 {[%clk 00:00:41]} 41... Rxa3 {
[%clk 00:00:30]} 42. Qxc5 {[%clk 00:00:42]} 42... Ra8 {[%clk 00:00:32]} 43.
Qd4+ {[%clk 00:00:44]  [%emt 00:00:12]} 43... Kg6 {[%clk 00:00:34]} 44. Qd7 {
[%clk 00:00:45]} 44... Ra6 {[%clk 00:00:36]} 45. Qe7 {[%clk 00:00:47]} 45...
Rb6 {[%clk 00:00:38]} 46. Kf4 {[%clk 00:00:47]} 46... Rb2 {[%clk 00:00:39]} 47.
Qg5+ {[%clk 00:00:49]  [%emt 00:00:06]} 1-0

[Event "VII Obert Internacional Alberic"]
[Site "Alberic, Spain"]
[Date "2019.06.29"]
[Round "3.6"]
[White "Marin Corresa, Arturo"]
[Black "Minguez Piquer, Ximo"]
[Result "1-0"]
[WhiteElo "2050"]
[BlackElo "1780"]
[PlyCount "31"]
[EventDate "2019.??.??"]

1. e4 {[%clk 00:07:02]} 1... e5 {[%clk 00:07:05]} 2. Nf3 {
[%clk 00:07:03]  [%emt 00:00:05]} 2... Nc6 {[%clk 00:07:06]} 3. Bc4 {
[%clk 00:07:05]} 3... Bc5 {[%clk 00:07:08]  [%emt 00:00:04]} 4. c3 {
[%clk 00:07:06]  [%emt 00:00:09]} 4... Nf6 {[%clk 00:07:09]} 5. O-O {
[%clk 00:07:04]  [%emt 00:00:03]} 5... O-O {[%clk 00:07:10]} 6. d4 {
[%clk 00:07:02]  [%emt 00:00:03]} 6... exd4 {[%clk 00:07:11]} 7. cxd4 {
[%clk 00:07:03]  [%emt 00:00:04]} 7... Bb4 {[%clk 00:07:12]  [%emt 00:00:08]}
8. e5 {[%clk 00:07:00]} 8... Ne4 {[%clk 00:07:07]  [%emt 00:00:18]} 9. d5 {
[%clk 00:06:53]  [%emt 00:00:13]} 9... Ne7 {[%clk 00:05:54]  [%emt 00:01:00]}
10. Qd4 {[%clk 00:06:39]  [%emt 00:00:39]} 10... Nc5 {
[%clk 00:05:32]  [%emt 00:00:07]} 11. a3 {[%clk 00:06:32]  [%emt 00:00:12]}
11... Nf5 {[%clk 00:04:50]  [%emt 00:00:41]} 12. Qf4 {
[%clk 00:06:22]  [%emt 00:00:10]} 12... Bxa3 {[%clk 00:04:01]  [%emt 00:00:54]}
13. Rxa3 {[%clk 00:06:07]  [%emt 00:00:47]} 13... d6 {
[%clk 00:03:46]  [%emt 00:00:06]} 14. Nbd2 {[%clk 00:05:24]  [%emt 00:00:27]}
14... a6 {[%clk 00:03:38]  [%emt 00:00:37]} 15. b4 {
[%clk 00:04:47]  [%emt 00:00:19]} 15... b5 {[%clk 00:03:11]  [%emt 00:00:55]}
16. Bxb5 {[%clk 00:03:58]  [%emt 00:00:23]} 1-0

[Event "VII Obert Internacional Alberic"]
[Site "Alberic, Spain"]
[Date "2019.06.29"]
[Round "3.7"]
[White "Vidal Maiques, Jose Antonio"]
[Black "Pedros Viudes, Santiago"]
[Result "0-1"]
[WhiteElo "1761"]
[BlackElo "2047"]
[PlyCount "45"]
[EventDate "2019.??.??"]

1. e4 {[%clk 00:07:04]} 1... e6 {[%clk 00:07:05]} 2. d4 {[%clk 00:07:03]} 2...
d5 {[%clk 00:07:07]  [%emt 00:00:08]} 3. exd5 {[%clk 00:07:03]} 3... exd5 {
[%clk 00:07:09]} 4. Bd3 {[%clk 00:06:55]} 4... Bd6 {[%clk 00:07:10]} 5. Ne2 {
[%clk 00:06:35]  [%emt 00:00:09]} 5... Nc6 {[%clk 00:06:53]  [%emt 00:00:21]}
6. c3 {[%clk 00:06:35]  [%emt 00:00:18]} 6... Bg4 {
[%clk 00:06:50]  [%emt 00:00:12]} 7. f3 {[%clk 00:06:34]} 7... Bh5 {
[%clk 00:06:52]} 8. O-O {[%clk 00:06:17]  [%emt 00:00:11]} 8... Nge7 {
[%clk 00:05:50]  [%emt 00:00:58]} 9. Bf4 {[%clk 00:06:06]  [%emt 00:00:14]}
9... Bg6 {[%clk 00:05:41]  [%emt 00:00:39]} 10. Qc2 {
[%clk 00:05:46]  [%emt 00:00:03]} 10... Bxf4 {[%clk 00:05:20]  [%emt 00:00:19]}
11. Nxf4 {[%clk 00:05:46]  [%emt 00:00:03]} 11... Qd6 {
[%clk 00:05:22]  [%emt 00:00:03]} 12. Qd2 {[%clk 00:05:22]  [%emt 00:00:23]}
12... O-O-O {[%clk 00:04:33]  [%emt 00:00:51]} 13. Na3 {
[%clk 00:05:01]  [%emt 00:00:24]} 13... Bxd3 {[%clk 00:04:05]  [%emt 00:00:31]}
14. Nxd3 {[%clk 00:05:02]  [%emt 00:00:16]} 14... Rdg8 {
[%clk 00:03:14]  [%emt 00:01:02]} 15. Rfe1 {[%clk 00:04:46]  [%emt 00:00:05]}
15... g5 {[%clk 00:03:05]  [%emt 00:00:09]} 16. Ne5 {
[%clk 00:04:34]  [%emt 00:00:11]} 16... Rg7 {[%clk 00:02:45]  [%emt 00:00:34]}
17. c4 {[%clk 00:03:34]  [%emt 00:01:01]} 17... f6 {
[%clk 00:02:07]  [%emt 00:00:44]} 18. c5 {[%clk 00:02:19]  [%emt 00:01:06]}
18... Qd8 {[%clk 00:02:07]  [%emt 00:00:12]} 19. Ng4 {
[%clk 00:02:17]  [%emt 00:00:04]} 19... Nf5 {[%clk 00:02:04]  [%emt 00:00:03]}
20. Re6 {[%clk 00:02:02]  [%emt 00:00:32]} 20... Nfxd4 {
[%clk 00:01:46]  [%emt 00:00:04]} 21. Rxf6 {[%clk 00:01:53]  [%emt 00:00:10]}
21... h5 {[%clk 00:01:44]  [%emt 00:00:09]} 22. Ne3 {[%emt 00:00:03]} 22...
Qxf6 {[%clk 00:01:43]} 23. Nac2 {[%emt 00:00:44]} 0-1

[Event "VII Obert Internacional Alberic"]
[Site "Alberic, Spain"]
[Date "2019.06.29"]
[Round "3.8"]
[White "Martinez Villena, David"]
[Black "Yuste Valenzuela, Alejandro"]
[Result "1-0"]
[WhiteElo "2029"]
[BlackElo "1741"]
[PlyCount "111"]
[EventDate "2019.??.??"]

1. e4 {[%clk 00:07:04]  [%emt 00:00:03]} 1... e5 {[%clk 00:07:04]} 2. Nf3 {
[%clk 00:07:04]  [%emt 00:00:03]} 2... Nf6 {[%clk 00:07:05]  [%emt 00:00:03]}
3. d4 {[%clk 00:06:58]  [%emt 00:00:09]} 3... exd4 {
[%clk 00:06:58]  [%emt 00:00:11]} 4. e5 {[%clk 00:06:50]  [%emt 00:00:11]} 4...
Ng8 {[%clk 00:06:32]  [%emt 00:00:54]} 5. Bc4 {[%clk 00:06:37]} 5... d6 {
[%clk 00:06:08]  [%emt 00:00:23]} 6. O-O {[%clk 00:06:04]  [%emt 00:00:27]}
6... Nc6 {[%clk 00:05:34]  [%emt 00:00:40]} 7. exd6 {
[%clk 00:04:34]  [%emt 00:01:38]} 7... Bxd6 {[%clk 00:05:33]  [%emt 00:00:10]}
8. Ng5 {[%clk 00:04:00]  [%emt 00:00:24]} 8... Ne5 {
[%clk 00:04:40]  [%emt 00:00:56]} 9. Re1 {[%clk 00:03:56]  [%emt 00:00:10]}
9... Ne7 {[%clk 00:04:06]  [%emt 00:00:34]} 10. Rxe5 {
[%clk 00:03:24]  [%emt 00:00:36]} 10... Bxe5 {[%clk 00:04:09]  [%emt 00:00:03]}
11. Nxf7 {[%clk 00:03:24]  [%emt 00:00:06]} 11... Qd7 {
[%clk 00:03:55]  [%emt 00:00:13]} 12. Nxe5 {[%clk 00:03:04]  [%emt 00:00:21]}
12... Qf5 {[%clk 00:03:38]  [%emt 00:00:26]} 13. Qxd4 {
[%clk 00:01:39]  [%emt 00:01:45]} 13... Rf8 {[%clk 00:02:26]  [%emt 00:00:49]}
14. Be3 {[%clk 00:01:32]  [%emt 00:00:15]} 14... Be6 {
[%clk 00:02:05]  [%emt 00:00:20]} 15. Bxe6 {[%clk 00:01:24]  [%emt 00:00:11]}
15... Qxe6 {[%clk 00:02:06]  [%emt 00:00:38]} 16. Nc3 {
[%clk 00:00:53]  [%emt 00:00:07]} 16... Nf5 {[%clk 00:01:15]  [%emt 00:00:45]}
17. Qe4 {[%clk 00:00:12]  [%emt 00:00:45]} 17... Nd6 {
[%clk 00:01:12]  [%emt 00:00:22]} 18. Qd5 {[%clk 00:00:09]  [%emt 00:00:17]}
18... Qxd5 {[%clk 00:00:39]  [%emt 00:00:09]} 19. Nxd5 {
[%clk 00:00:10]  [%emt 00:00:31]} 19... O-O-O {[%clk 00:00:34]  [%emt 00:00:04]
} 20. Nc3 {[%clk 00:00:10]} 20... a6 {[%clk 00:00:28]} 21. Rd1 {[%clk 00:00:10]
} 21... Nf5 {[%clk 00:00:28]} 22. Rxd8+ {[%clk 00:00:10]  [%emt 00:00:12]}
22... Rxd8 {[%clk 00:00:30]} 23. Nd3 {[%clk 00:00:09]} 23... Re8 {
[%clk 00:00:21]  [%emt 00:00:11]} 24. Bf4 {[%clk 00:00:06]  [%emt 00:00:04]}
24... c5 {[%clk 00:00:20]} 25. Kf1 {[%clk 00:00:04]  [%emt 00:00:04]} 25... c4
{[%clk 00:00:20]  [%emt 00:00:03]} 26. Nb4 {[%clk 00:00:06]} 26... h6 {
[%clk 00:00:11]  [%emt 00:00:13]} 27. Nbd5 {[%clk 00:00:06]  [%emt 00:00:04]}
27... b5 {[%clk 00:00:08]  [%emt 00:00:06]} 28. Ne3 {
[%clk 00:00:05]  [%emt 00:00:12]} 28... Nxe3+ {[%clk 00:00:10]} 29. Bxe3 {
[%clk 00:00:07]} 29... b4 {[%clk 00:00:11]} 30. Nd5 {[%clk 00:00:08]} 30... a5
{[%clk 00:00:13]} 31. Nb6+ {[%clk 00:00:08]} 31... Kb7 {
[%clk 00:00:14]  [%emt 00:00:09]} 32. Nxc4 {[%clk 00:00:09]} 32... Rd8 {
[%clk 00:00:12]} 33. Ke2 {[%clk 00:00:11]  [%emt 00:00:16]} 33... Kc8 {
[%clk 00:00:11]} 34. b3 {[%clk 00:00:08]  [%emt 00:00:03]} 34... Re8 {
[%clk 00:00:10]} 35. f4 {[%clk 00:00:06]} 35... Kd7 {
[%clk 00:00:09]  [%emt 00:00:21]} 36. Kf3 {[%clk 00:00:08]} 36... Rf8 {
[%clk 00:00:10]  [%emt 00:00:04]} 37. g4 {[%clk 00:00:09]} 37... g5 {
[%clk 00:00:12]} 38. f5 {[%clk 00:00:10]} 38... Kc6 {[%clk 00:00:13]} 39. h3 {
[%clk 00:00:11]} 39... Kb5 {[%clk 00:00:14]} 40. Bd4 {
[%clk 00:00:10]  [%emt 00:00:03]} 40... a4 {[%clk 00:00:15]} 41. Bg7 {
[%clk 00:00:11]} 41... Rf7 {[%clk 00:00:16]} 42. Bxh6 {
[%clk 00:00:12]  [%emt 00:00:06]} 42... axb3 {[%clk 00:00:18]} 43. axb3 {
[%clk 00:00:14]} 43... Ra7 {[%clk 00:00:18]} 44. Bxg5 {
[%clk 00:00:15]  [%emt 00:00:03]} 44... Ra2 {[%clk 00:00:19]  [%emt 00:00:03]}
45. Ne3 {[%clk 00:00:17]} 45... Ra7 {[%clk 00:00:17]  [%emt 00:00:10]} 46. Kf4
{[%clk 00:00:13]  [%emt 00:00:08]} 46... Kc6 {[%clk 00:00:17]} 47. f6 {
[%clk 00:00:14]} 47... Rf7 {[%clk 00:00:13]  [%emt 00:00:10]} 48. Kf5 {
[%clk 00:00:15]} 48... Kd7 {[%clk 00:00:14]} 49. Nc4 {
[%clk 00:00:14]  [%emt 00:00:03]} 49... Rf8 {[%clk 00:00:11]  [%emt 00:00:06]}
50. Ne5+ {[%clk 00:00:15]  [%emt 00:00:08]} 50... Kd6 {[%clk 00:00:12]} 51. Ng6
{[%clk 00:00:15]} 51... Rf7 {[%clk 00:00:12]  [%emt 00:00:11]} 52. Ne5 {
[%clk 00:00:16]} 52... Rf8 {[%clk 00:00:13]} 53. Nd3 {[%clk 00:00:18]} 53...
Kd7 {[%clk 00:00:14]} 54. Nxb4 {[%clk 00:00:19]  [%emt 00:00:08]} 54... Rb8 {
[%clk 00:00:14]} 55. Nd3 {[%clk 00:00:18]  [%emt 00:00:04]} 55... Rc8 {
[%clk 00:00:15]} 56. c4 {[%clk 00:00:19]  [%emt 00:00:04]} 1-0

[Event "VII Obert Internacional Alberic"]
[Site "Alberic, Spain"]
[Date "2019.06.29"]
[Round "4.1"]
[White "Plaskett, H James"]
[Black "Fenollar Jorda, Manuel"]
[Result "1-0"]
[WhiteElo "2417"]
[BlackElo "2345"]
[PlyCount "81"]
[EventDate "2019.??.??"]

1. d4 {[%clk 00:07:03]  [%emt 00:00:10]} 1... d5 {[%clk 00:07:05]} 2. Nf3 {
[%clk 00:07:04]} 2... Nf6 {[%clk 00:07:07]} 3. c4 {[%clk 00:07:04]} 3... c6 {
[%clk 00:07:09]} 4. Nc3 {[%clk 00:07:04]  [%emt 00:00:16]} 4... e6 {
[%clk 00:07:08]  [%emt 00:00:04]} 5. e3 {[%clk 00:07:05]} 5... Nbd7 {
[%clk 00:07:08]} 6. Bd3 {[%clk 00:07:06]} 6... dxc4 {
[%clk 00:07:08]  [%emt 00:00:04]} 7. Bxc4 {[%clk 00:07:07]} 7... b5 {
[%clk 00:07:10]  [%emt 00:00:03]} 8. Bd3 {[%clk 00:07:08]} 8... Bb7 {
[%clk 00:07:12]} 9. O-O {[%clk 00:07:08]  [%emt 00:00:09]} 9... a6 {
[%clk 00:07:14]} 10. e4 {[%clk 00:06:40]  [%emt 00:00:27]} 10... c5 {
[%clk 00:07:14]  [%emt 00:00:04]} 11. e5 {[%clk 00:06:30]  [%emt 00:00:09]}
11... Nd5 {[%clk 00:06:51]  [%emt 00:00:26]} 12. Ne4 {
[%clk 00:05:38]  [%emt 00:00:55]} 12... Be7 {[%clk 00:06:20]  [%emt 00:00:42]}
13. Bg5 {[%clk 00:04:35]  [%emt 00:01:02]} 13... Qb6 {
[%clk 00:04:58]  [%emt 00:01:22]} 14. Bxe7 {[%clk 00:03:49]  [%emt 00:00:48]}
14... Kxe7 {[%clk 00:04:58]  [%emt 00:00:13]} 15. dxc5 {
[%clk 00:02:10]  [%emt 00:01:33]} 15... Nxc5 {[%clk 00:04:57]  [%emt 00:00:30]}
16. Nxc5 {[%clk 00:02:10]  [%emt 00:00:03]} 16... Qxc5 {[%clk 00:04:58]} 17.
Qd2 {[%clk 00:02:11]} 17... h6 {[%clk 00:04:36]  [%emt 00:00:12]} 18. Rfc1 {
[%clk 00:01:56]  [%emt 00:00:10]} 18... Qb6 {[%clk 00:04:37]  [%emt 00:00:10]}
19. a4 {[%clk 00:01:54]} 19... Rhc8 {[%clk 00:03:56]  [%emt 00:00:41]} 20. axb5
{[%clk 00:01:45]  [%emt 00:00:23]} 20... Rxc1+ {
[%clk 00:03:42]  [%emt 00:00:05]} 21. Rxc1 {[%clk 00:01:42]  [%emt 00:00:18]}
21... axb5 {[%clk 00:03:44]} 22. Be4 {[%clk 00:01:27]  [%emt 00:00:06]} 22...
Ke8 {[%clk 00:01:58]  [%emt 00:01:49]} 23. h3 {[%clk 00:01:24]  [%emt 00:00:18]
} 23... Rd8 {[%clk 00:01:55]  [%emt 00:00:11]} 24. Rd1 {[%clk 00:01:13]} 24...
Rc8 {[%clk 00:01:50]  [%emt 00:00:09]} 25. Ra1 {
[%clk 00:01:12]  [%emt 00:00:03]} 25... Qc5 {[%clk 00:01:42]  [%emt 00:00:08]}
26. Qd4 {[%clk 00:01:10]  [%emt 00:00:22]} 26... Qxd4 {
[%clk 00:00:23]  [%emt 00:01:07]} 27. Nxd4 {[%clk 00:01:12]  [%emt 00:00:11]}
27... Bc6 {[%clk 00:00:10]  [%emt 00:00:05]} 28. Rc1 {
[%clk 00:01:01]  [%emt 00:00:12]} 28... Kd7 {[%clk 00:00:09]  [%emt 00:00:10]}
29. Bxd5 {[%clk 00:01:01]  [%emt 00:00:04]} 29... exd5 {[%clk 00:00:09]} 30. b4
{[%clk 00:00:59]  [%emt 00:00:04]} 30... Rc7 {[%clk 00:00:09]  [%emt 00:00:04]}
31. Rc5 {[%clk 00:00:58]  [%emt 00:00:03]} 31... Rc8 {
[%clk 00:00:10]  [%emt 00:00:03]} 32. Nxc6 {[%clk 00:00:56]  [%emt 00:00:08]}
32... Rxc6 {[%clk 00:00:12]  [%emt 00:00:08]} 33. Rxd5+ Ke6 34. Rxb5 {
[%clk 00:00:59]} 34... Rc2 {[%clk 00:00:16]} 35. g3 {
[%clk 00:01:00]  [%emt 00:00:07]} 35... g5 {[%clk 00:00:18]} 36. Kg2 {
[%clk 00:00:57]} 36... h5 {[%clk 00:00:20]} 37. Rc5 {
[%clk 00:00:55]  [%emt 00:00:04]} 37... Rb2 {[%clk 00:00:22]} 38. b5 {
[%clk 00:00:57]} 38... g4 {[%clk 00:00:23]  [%emt 00:00:06]} 39. h4 {
[%clk 00:00:54]  [%emt 00:00:18]} 39... Ra2 {[%clk 00:00:14]  [%emt 00:00:03]}
40. Rc6+ {[%clk 00:00:53]} 40... Kf5 {[%clk 00:00:09]  [%emt 00:00:05]} 41. Rh6
{[%clk 00:00:49]  [%emt 00:00:09]} 1-0